000 03066nam a2200337 a 4500
001 00149
003 DO-SdBNP
005 20180309102616.0
007 00149
008 160406b xxu||||| |||| 00| 0 spa d
040 _aBPMSU
_bspa
_cBPMSU
092 _a373.7
_bP349m 1ro. [200-?]
100 1 _aPeña Geraldino, Rafael
245 1 0 _aMatemática 1 :
_beducación media /
_c Rafael Peña Geraldino ; coordinador José Molinaza
250 _a2da. ed
260 _aSanto Domingo :
_bSecretaría de Estado de Educación
_c[20uu?]
300 _a227 p.
_bretrs. ;
_c28 cm.
500 _aGestión educativa 2004-2008
505 _a
_tCapítulo 1 :
_tEnunciados y proposiciones--Valor de verdad de una proposición -- Tabla de verdad -- Proposiciones compuestas -- Equivalencia de proposiciones -- Clasificación de las proposiciones -- Función proposicional -- Cuantificadores.
_tCapítulo 2 :
_tConjuntos -- Relación de pertenencia --Representación gráfica de los conjuntos -- Relaciones entre los conjunos -- Propiedades de los conjuntos -- Operaciones de conjuntos.
_tCapítulo 3 :
_tConceptos básicos del álgebra -- Polinomios -- Operaciones con polinomios -- Valor numérico de expresiones algebraicas -- Productos notables -- Cocientes notables
_tCapítulo 4 :
_t Potenciacción -- Exponentes negativos -- Radicación -- Operaciones con radicales -- Racionaliación -- Factorización -- Proceso de factorización -- Diferentes casos de factorización -- Otras modalidaes de factorización
_tCapítulo 5 :
_tMáximo común divisor -- Mínimo común múltiplo -- Fracciones algebraicas -- Simplificación de fracciones -- Operaciones con fracciones algebraica -- Fracciones compuestas
_tCapítulo 6:
_tConjuntos numéricos -- Diagrma de Ven Euler de los conhuntos numéricos -- Desigualdad en los números reales -- Intervalos definidos e indefinidos -- Operaciones de conjuntos con los intervalos -- Valor absoluto de números reales
_tCapítulo 7:
_tConceptos fundamentales de la geometría -- Consideraciones sobre la línea recta -- Plano -- Ángulos -- Teoremas
_tCapítulo 8 :
_t Ecuaciones -- Propiedades de las ecuaciones -- Resolución de una ecuación de primer grado -- Grad de una ecuación -- Resolucción de problemas -- Inecuaciones --Resolución de inecuaciones -- Ecuaciones e inecuaciones con valores absolutos
_tCapitulo 9 :
_tNúmeros imaginarios -- Potencias de i -- Operaciones con los números complejos
_tCapítulo 10
_t Estadística -- Población y muestra -- Muestra -- Presentación de datos -- Tipos de gráficos.
650 4 _aMATEMÁTICAS
_xENSEÑANZA SECUNDARIA
650 4 _aEDUCACIÓN SECUNDARIA
_zREPÚBLICA DOMINICANA
650 4 _aMATEMÁTICAS
_xLIBROS DE TEXTOS
650 4 _aMATEMÁTICAS
_xESTUDIOS Y EJERCICIOS
700 1 _aMolinaza, José,
_4coord.
910 _aValidado. Control de calidad MFF
942 _2ddc
_cBK
945 _ainventariado, 2018 / dg
956 _aBTAVAREZ
_b10
_c20100809
_lBND01
_h1053
956 _aVMATEO
_b10
_c20150707
_lBPMSU
_h00151
956 _aBTAVÁREZ
_b10
_c20160406
_l00149
999 _c9588
_d9588